Catálogo
 En Linea

Tratado de reciprocidad con Estados Unidos. (Registro nro. 32082)

Detalles MARC
000 -CABECERA
campo de control de longitud fija 00265nam a2200097 a 4500
005 - FECHA Y HORA DE LA ÚLTIMA TRANSACCIÓN
campo de control 20200930065725.0
008 - DATOS DE LONGITUD FIJA--INFORMACIÓN GENERAL
campo de control de longitud fija 110719s1902 000 spa d
040 ## - FUENTE DE LA CATALOGACIÓN
Centro catalogador/agencia de origen DO-SdBNP
245 #0 - MENCIÓN DE TÍTULO
Título Tratado de reciprocidad con Estados Unidos.
260 ## - PUBLICACIÓN, DISTRIBUCIÓN, ETC.
Lugar de publicación, distribución, etc. [Santo Domingo],
Fecha de publicación, distribución, etc. [1902?].

No hay ítems disponibles.

Con tecnología Koha